[Event "POL-chT 2nd League"]
[Site "Poronin"]
[Date "2020.09.06"]
[Round "2.7"]
[White "Szustakowski, Antoni"]
[Black "Rudnicki, Milosz"]
[Result "1/2-1/2"]
[WhiteElo "2242"]
[BlackElo "2176"]
[PlyCount "69"]
[EventDate "2020.09.05"]
[EventType "team-swiss"]
[EventRounds "9"]
[EventCountry "POL"]
[SourceTitle "CBM 198 Extra"]
[Source "ChessBase"]
[SourceDate "2020.11.30"]
[SourceVersion "1"]
[SourceVersionDate "2020.11.30"]
[SourceQuality "1"]
[WhiteTeam "Krakow Dwie Wieze"]
[BlackTeam "Grzybowo GKSz Solny"]
[WhiteTeamCountry "POL"]
[BlackTeamCountry "POL"]

1. d4 Nf6 2. c4 e6 3. Nc3 Bb4 4. e3 0-0 5. Bd2 d5 6. Nf3 b6 7. cxd5 exd5 8. Bd3 Ba6 9. Bxa6 Nxa6 10. 0-0 Qc8 11. Rc1 Qb7 12. a3 Be7 13. b4 c5 14. bxc5 bxc5 15. Rb1 Qc6 16. dxc5 Nxc5 17. Nd4 Qd7 18. Nce2 Rfd8 19. Ba5 Rdc8 20. Ng3 g6 21. Qf3 Ne6 22. Nxe6 Qxe6 23. Bb4 Ne4 24. Bxe7 Qxe7 25. Nxe4 dxe4 26. Qf4 Qxa3 27. Qxe4 Rab8 28. Ra1 Qc5 29. Qa4 Rc7 30. h3 Qb4 31. Qa2 Qe7 32. Rfd1 Qe5 33. Qa3 Rbc8 34. Qa6 Qf5 35. Qa5 1/2-1/2

[Event "POL-chT 2nd League"]
[Site "Jastrzebia Gora"]
[Date "2018.09.02"]
[Round "3.2"]
[White "Zochowski, Kacper"]
[Black "Rudnicki, Milosz"]
[Result "1-0"]
[WhiteElo "2269"]
[BlackElo "2184"]
[PlyCount "77"]
[EventDate "2018.09.01"]
[EventType "team-swiss"]
[EventRounds "9"]
[EventCountry "POL"]
[SourceTitle "CBM 186 Extra"]
[Source "ChessBase"]
[SourceDate "2018.08.24"]
[SourceVersion "1"]
[SourceVersionDate "2018.08.24"]
[SourceQuality "1"]
[WhiteTeam "Podlesie UKS 21"]
[BlackTeam "Grzybowo GKSz Solny"]
[WhiteTeamCountry "POL"]
[BlackTeamCountry "POL"]

1. Nf3 d5 2. c4 e6 3. g3 Nf6 4. Bg2 Be7 5. 0-0 0-0 6. b3 c5 7. Bb2 Nc6 8. e3 b6 9. Nc3 Bb7 10. Qe2 Rc8 11. Rfd1 dxc4 12. bxc4 Qc7 13. d3 Rfd8 14. Rab1 Qb8 15. Ne1 Ne8 16. f4 Bf6 17. g4 g6 18. Nf3 Ne7 19. Rf1 Bg7 20. Rbd1 f5 21. Ng5 Bxg2 22. Qxg2 Qd6 23. Qh3 h6 24. Nf3 Nc6 25. Qg2 Kh7 26. Kh1 Qf8 27. gxf5 exf5 28. Rg1 Qf7 29. Nd5 Nc7 30. Bxg7 Qxg7 31. e4 Nxd5 32. cxd5 Ne7 33. Ne5 Rd6 34. Nc4 Rd7 35. d6 b5 36. dxe7 bxc4 37. exf5 cxd3 38. fxg6+ Kh8 39. Qc6 1-0

[Event "Warsaw YMCA 133rd"]
[Site "Warsaw"]
[Date "2014.02.03"]
[Round "7"]
[White "Nguyen, Piotr"]
[Black "Rudnicki, Milosz"]
[Result "1-0"]
[WhiteElo "2360"]
[BlackElo "2225"]
[PlyCount "39"]
[EventDate "2014.01.10"]
[EventType "tourn"]
[EventRounds "11"]
[EventCountry "POL"]
[EventCategory "2"]
[SourceTitle "EXT 2015"]
[Source "ChessBase"]
[SourceDate "2014.11.20"]
[SourceVersion "1"]
[SourceVersionDate "2014.11.20"]
[SourceQuality "1"]

1. Nf3 d5 2. g3 Nf6 3. Bg2 c5 4. c4 d4 5. b4 e6 6. Qa4+ Qd7 7. Qb3 cxb4 8. a3 Nc6 9. axb4 Bxb4 10. Ne5 Bxd2+ 11. Nxd2 Nxe5 12. Ba3 Qc7 13. 0-0 Bd7 14. Qxb7 Qxb7 15. Bxb7 Rd8 16. Rfb1 Bc6 17. f4 Bxb7 18. fxe5 Ne4 19. Rxb7 Nxd2 20. Bb4 1-0